Determinación de la distribución temporal característica de la precipitación en el Valle Central de Costa Rica

Đã lưu trong:
Chi tiết về thư mục
Tác giả chính: Zúñiga Solís, Laura Mariana, 1996-
Tác giả khác: Murillo Muñoz, Rafael Eduardo, 1970- Director del TFG
Định dạng: Sách
Ngôn ngữ:Spanish
Được phát hành: [San José], Costa Rica 2020
Những chủ đề:
Các nhãn: Thêm thẻ
Không có thẻ, Là người đầu tiên thẻ bản ghi này!

MARC

LEADER 00000nam a2200000Ia 4500
003 013250
005 20230316143643.0
008 140114s2020 cr a 000 ||spa d
040 |c cru CEDI 
100 |a Zúñiga Solís, Laura Mariana, 1996-  |9 272 
245 |a Determinación de la distribución temporal característica de la precipitación en el Valle Central de Costa Rica  
260 |a  [San José], Costa Rica  |c 2020 
500 |a  Proyecto de graduación (licenciatura en ingeniería civil)--Universidad de Costa Rica. Facultad de Ingeniería. Escuela de Ingeniería Civil,  
501 |a Director de Proyecto de Graduación: Ing. Rafael Eduardo Murillo Muñoz, Ph.D. Ciudad Universitaria 
650 |x METEOROLOGIA - INSTRUMENTOS   |x VARIABILIDAD DE PRECIPITACION  |x PRECIPITACION ATMOSFERICA - MEDICIONES - VALLE CENTRAL (COSTA RICA)   |x HIDROLOGIA - MEDICIONES - CUENCA DEL RIO VIRILLA (COSTA RICA)  
700 |9 165  |a Murillo Muñoz, Rafael Eduardo, 1970-  |d Director del TFG 
942 |c CEDI 
999 |c 12207  |d 12207